Všeobecná dohoda o clách a obchode a jej vplyv na postavenie slovenských podnikov a organizácií v medzinárodnom obchode /

Salvato in:
Dettagli Bibliografici
Autore principale: Babiš, Štefan (Autore)
Natura: Libro
Lingua:slovacco
Pubblicazione: Bratislava : Miroslav Mračko - Epos, 1993
Edizione:1.vyd.
Soggetti:
Tags: Aggiungi Tag
Nessun Tag, puoi essere il primo ad aggiungerne!!

MARC

LEADER 00000nam a22000003a 4500
001 stu4603
005 20150617225814.2
008 930924s1993----xo------------------slo-d
020 |a 80-966982-0-6 
040 |a STU  |b slo 
041 0 |a slo 
044 |a xo 
080 |a 339.54 
080 |a 061.2(100) 
080 |a GATT 
100 1 |a Babiš, Štefan  |4 aut 
245 1 |a Všeobecná dohoda o clách a obchode a jej vplyv na postavenie slovenských podnikov a organizácií v medzinárodnom obchode /  |c [aut.] Babiš,řtefan 
250 |a 1.vyd. 
260 |a Bratislava :  |b Miroslav Mračko - Epos,  |c 1993 
300 |a 152 s 
650 7 |a GATT  |2 stusub 
996 |b E78294  |c R*78294  |l RRUM  |s A  |a 24  |w stu4603_0001